Structure of the Himalayas, (Record no. 86468)

MARC details
000 -LEADER
fixed length control field 00848cam a22002531 4500
001 - CONTROL NUMBER
control field sa 68015455
003 - CONTROL NUMBER IDENTIFIER
control field DLC
005 - DATE AND TIME OF LATEST TRANSACTION
control field 20260227112643.0
008 - FIXED-LENGTH DATA ELEMENTS--GENERAL INFORMATION
fixed length control field 880915s1964 ii b b 00010 eng
010 ## - LIBRARY OF CONGRESS CONTROL NUMBER
LC control number sa 68015455 //r88
020 ## - INTERNATIONAL STANDARD BOOK NUMBER
Terms of availability Rs2
025 ## - OVERSEAS ACQUISITION NUMBER
Overseas acquisition number PL 480: I-E-8306
043 ## - GEOGRAPHIC AREA CODE
Geographic area code ah-----
050 0# - LIBRARY OF CONGRESS CALL NUMBER
Classification number QE289
Item number .W3
100 10 - MAIN ENTRY--PERSONAL NAME
Personal name Wadia, D. N.
Fuller form of name (Darashaw Nosherwan),
Dates associated with a name 1883-1969.
245 10 - TITLE STATEMENT
Title Structure of the Himalayas,
Statement of responsibility, etc. by D.N. Wadia and W.D. West.
260 1# - PUBLICATION, DISTRIBUTION, ETC.
Place of publication, distribution, etc. New Delhi,
Date of publication, distribution, etc. 1964.
300 ## - PHYSICAL DESCRIPTION
Extent 10 p.
Other physical details maps (part fold.)
Dimensions 24 cm.
500 ## - GENERAL NOTE
General note At head of title: International Geological Congress, twenty-second session, India, 1964.
504 ## - BIBLIOGRAPHY, ETC. NOTE
Bibliography, etc. note Bibliography: p. 10.
650 #0 - SUBJECT ADDED ENTRY--TOPICAL TERM
Topical term or geographic name entry element Geology
Geographic subdivision Himalaya Mountains.
700 10 - ADDED ENTRY--PERSONAL NAME
Personal name West, William Dixon,
Relator term joint author.
711 20 - ADDED ENTRY--MEETING NAME
Meeting name or jurisdiction name as entry element International Geological Congress,
Number of part/section/meeting 22d,
Location of meeting Delhi,
Date of meeting or treaty signing 1964.

No items available.

Powered by Koha